| 000 | 00934nam a2200217Ii 4500 | ||
|---|---|---|---|
| 003 | JO-AjNU | ||
| 008 | 230605s9999||||xx |||||||||||||| ||und|| | ||
| 017 | _a2007/4/1060 | ||
| 020 | _a978-9957-428-22-8 | ||
| 040 |
_aJO-AjNU _bara _erda _cJO-AjNU |
||
| 041 | _aara | ||
| 050 | 1 | 4 | _aDS153.2.R3322 2007 |
| 100 | 3 |
_aتاليف الرواضية، المهدي عيد, _eauthor _940910 |
|
| 245 | 0 | 0 | _aمدونة النصوص الجغرافية لمدن الأردن وقراه، الجزء الأول |
| 264 | 3 | 1 | _aعمان: منشورات اللحنة العليا لكتابة تاريخ الاردن، 2007 |
| 300 | _aج1، 988ص | ||
| 336 |
_atext _btxt _2rdacontent |
||
| 337 |
_aunmediated _bn _2rdamedia |
||
| 338 |
_avolume _bnc _2rdacarrier |
||
| 650 | 4 |
_aالجغرافية الطبيعية- المدن الجديدة-المدن القديمة-الاماكن السياسية-الرحلات- القرى-الاردن _940911 |
|
| 999 |
_aA17399 _c20967 _d20967 |
||